All ATP 500 finals since 2010 - Statistics

General Stats
  • This quiz has been taken 512 times
    65 since last reset
  • The average score is 308 of 398
Answer Stats
Year Tournament Final % Correct
F Alexander Zverev
100%
F Alexander Zverev
100%
2017 Washington W Alexander Zverev
100%
2018 Washington W Alexander Zverev
100%
F Alexander Zverev
100%
2021 Acapulco W Alexander Zverev
100%
2021 Vienna W Alexander Zverev
100%
2023 Hamburg W Alexander Zverev
100%
F Alexander Zverev
100%
2025 Munich W Alexander Zverev
100%
F Alexander Zverev
100%
2022 Rio de Janeiro W Carlos Alcaraz
100%
2022 Barcelona W Carlos Alcaraz
100%
F Carlos Alcaraz
100%
F Carlos Alcaraz
100%
2023 Barcelona W Carlos Alcaraz
100%
2023 Queen's Club W Carlos Alcaraz
100%
2024 Beijing W Carlos Alcaraz
100%
2025 Rotterdam W Carlos Alcaraz
100%
F Carlos Alcaraz
100%
2025 Queen's Club W Carlos Alcaraz
100%
2025 Tokyo W Carlos Alcaraz
100%
2026 Doha W Carlos Alcaraz
100%
2018 Tokyo W Daniil Medvedev
100%
F Daniil Medvedev
100%
F Daniil Medvedev
100%
F Daniil Medvedev
100%
2022 Vienna W Daniil Medvedev
100%
2023 Rotterdam W Daniil Medvedev
100%
2023 Dubai W Daniil Medvedev
100%
F Daniil Medvedev
100%
F Daniil Medvedev
100%
F Daniil Medvedev
100%
2026 Dubai W Daniil Medvedev
100%
2021 Washington W Jannik Sinner
100%
F Jannik Sinner
100%
2023 Beijing W Jannik Sinner
100%
2023 Vienna W Jannik Sinner
100%
2024 Rotterdam W Jannik Sinner
100%
2024 Halle W Jannik Sinner
100%
F Jannik Sinner
100%
2025 Beijing W Jannik Sinner
100%
2025 Vienna W Jannik Sinner
100%
F Juan Martín del Potro
100%
2012 Basel W Juan Martín del Potro
100%
2013 Rotterdam W Juan Martín del Potro
100%
2013 Washington W Juan Martín del Potro
100%
2013 Tokyo W Juan Martín del Potro
100%
2013 Basel W Juan Martín del Potro
100%
F Juan Martín del Potro
100%
2018 Acapulco W Juan Martín del Potro
100%
F Juan Martín del Potro
100%
2010 Dubai W Novak Djokovic
100%
2010 Beijing W Novak Djokovic
100%
F Novak Djokovic
100%
2011 Dubai W Novak Djokovic
100%
2012 Beijing W Novak Djokovic
100%
2013 Dubai W Novak Djokovic
100%
2013 Beijing W Novak Djokovic
100%
2014 Beijing W Novak Djokovic
100%
F Novak Djokovic
100%
2015 Beijing W Novak Djokovic
100%
F Novak Djokovic
100%
2019 Tokyo W Novak Djokovic
100%
2020 Dubai W Novak Djokovic
100%
2022 Astana W Novak Djokovic
100%
2010 Basel W Roger Federer
100%
F Roger Federer
100%
2011 Basel W Roger Federer
100%
2012 Rotterdam W Roger Federer
100%
2012 Dubai W Roger Federer
100%
F Roger Federer
100%
F Roger Federer
100%
2014 Dubai W Roger Federer
100%
2014 Basel W Roger Federer
100%
2015 Dubai W Roger Federer
100%
2015 Halle W Roger Federer
100%
2015 Basel W Roger Federer
100%
2017 Halle W Roger Federer
100%
2017 Basel W Roger Federer
100%
2018 Rotterdam W Roger Federer
100%
F Roger Federer
100%
2018 Basel W Roger Federer
100%
2019 Dubai W Roger Federer
100%
2019 Halle W Roger Federer
100%
2019 Basel W Roger Federer
100%
F Alex de Minaur
92%
F Alex de Minaur
92%
2023 Acapulco W Alex de Minaur
92%
F Alex de Minaur
92%
F Alex de Minaur
92%
2024 Acapulco W Alex de Minaur
92%
F Alex de Minaur
92%
2025 Washington W Alex de Minaur
92%
2026 Rotterdam W Alex de Minaur
92%
F Andrey Rublev
92%
2020 Hamburg W Andrey Rublev
92%
2020 St. Petersburg W Andrey Rublev
92%
2020 Vienna W Andrey Rublev
92%
2021 Rotterdam W Andrey Rublev
92%
F Andrey Rublev
92%
2022 Dubai W Andrey Rublev
92%
F Andrey Rublev
92%
F Andrey Rublev
92%
2025 Doha W Andrey Rublev
92%
F Andrey Rublev
92%
F Andrey Rublev
92%
2011 Tokyo W Andy Murray
92%
F Andy Murray
92%
2014 Valencia W Andy Murray
92%
2015 Queen's Club W Andy Murray
92%
2016 Queen's Club W Andy Murray
92%
2016 Beijing W Andy Murray
92%
2016 Vienna W Andy Murray
92%
2017 Dubai W Andy Murray
92%
2011 Memphis W Andy Roddick
92%
F Cameron Norrie
92%
F Cameron Norrie
92%
2023 Rio de Janeiro W Cameron Norrie
92%
2010 Acapulco W David Ferrer
92%
F David Ferrer
92%
2010 Valencia W David Ferrer
92%
2011 Acapulco W David Ferrer
92%
F David Ferrer
92%
2012 Acapulco W David Ferrer
92%
F David Ferrer
92%
2012 Valencia W David Ferrer
92%
F David Ferrer
92%
F David Ferrer
92%
F David Ferrer
92%
F David Ferrer
92%
2015 Rio de Janeiro W David Ferrer
92%
2015 Acapulco W David Ferrer
92%
2015 Vienna W David Ferrer
92%
2016 Acapulco W Dominic Thiem
92%
2017 Rio de Janeiro W Dominic Thiem
92%
F Dominic Thiem
92%
2019 Barcelona W Dominic Thiem
92%
2019 Beijing W Dominic Thiem
92%
2019 Vienna W Dominic Thiem
92%
F Flavio Cobolli
92%
2025 Hamburg W Flavio Cobolli
92%
2026 Acapulco W Flavio Cobolli
92%
F Flavio Cobolli
92%
F Gaël Monfils
92%
F Gaël Monfils
92%
F Gaël Monfils
92%
2016 Washington W Gaël Monfils
92%
2019 Rotterdam W Gaël Monfils
92%
2020 Rotterdam W Gaël Monfils
92%
F Holger Rune
92%
2025 Barcelona W Holger Rune
92%
2024 Vienna W Jack Draper
92%
F Jack Draper
92%
2022 Hamburg W Lorenzo Musetti
92%
F Lorenzo Musetti
92%
2010 Tokyo W Rafael Nadal
92%
2011 Barcelona W Rafael Nadal
92%
F Rafael Nadal
92%
2012 Barcelona W Rafael Nadal
92%
2013 Acapulco W Rafael Nadal
92%
2013 Barcelona W Rafael Nadal
92%
F Rafael Nadal
92%
2014 Rio de Janeiro W Rafael Nadal
92%
2015 Hamburg W Rafael Nadal
92%
F Rafael Nadal
92%
F Rafael Nadal
92%
2016 Barcelona W Rafael Nadal
92%
F Rafael Nadal
92%
2017 Barcelona W Rafael Nadal
92%
2017 Beijing W Rafael Nadal
92%
2018 Barcelona W Rafael Nadal
92%
2020 Acapulco W Rafael Nadal
92%
2021 Barcelona W Rafael Nadal
92%
2022 Acapulco W Rafael Nadal
92%
F Taylor Fritz
92%
2022 Tokyo W Taylor Fritz
92%
F Taylor Fritz
92%
F Taylor Fritz
92%
2024 Hamburg W Arthur Fils
85%
2024 Tokyo W Arthur Fils
85%
F Arthur Fils
85%
2026 Barcelona W Arthur Fils
85%
F Casper Ruud
85%
2024 Barcelona W Casper Ruud
85%
F Casper Ruud
85%
F David Goffin
85%
F David Goffin
85%
2017 Tokyo W David Goffin
85%
F David Goffin
85%
F Denis Shapovalov
85%
2025 Dallas W Denis Shapovalov
85%
F Félix Auger-Aliassime
85%
F Félix Auger-Aliassime
85%
2022 Rotterdam W Félix Auger-Aliassime
85%
2022 Basel W Félix Auger-Aliassime
85%
2023 Basel W Félix Auger-Aliassime
85%
F Félix Auger-Aliassime
85%
F Félix Auger-Aliassime
85%
F Jiří Lehečka
85%
2025 Basel W João Fonseca
85%
F John Isner
85%
F John Isner
85%
F John Isner
85%
F Kei Nishikori
85%
2012 Tokyo W Kei Nishikori
85%
2013 Memphis W Kei Nishikori
85%
2014 Barcelona W Kei Nishikori
85%
2014 Tokyo W Kei Nishikori
85%
F Kei Nishikori
85%
2015 Barcelona W Kei Nishikori
85%
2015 Washington W Kei Nishikori
85%
F Kei Nishikori
85%
F Kei Nishikori
85%
F Kei Nishikori
85%
F Kei Nishikori
85%
F Marin Čilić
85%
F Marin Čilić
85%
2016 Basel W Marin Čilić
85%
F Marin Čilić
85%
2018 Queen's Club W Marin Čilić
85%
2021 Queen's Club W Matteo Berrettini
85%
2022 Queen's Club W Matteo Berrettini
85%
2023 Halle W Alexander Bublik
77%
F Alexander Bublik
77%
2025 Halle W Alexander Bublik
77%
F Alexandre Müller
77%
2023 Tokyo W Ben Shelton
77%
F Ben Shelton
77%
F Ben Shelton
77%
2026 Dallas W Ben Shelton
77%
2026 Munich W Ben Shelton
77%
F Frances Tiafoe
77%
F Frances Tiafoe
77%
F Frances Tiafoe
77%
2014 Acapulco W Grigor Dimitrov
77%
F Grigor Dimitrov
77%
F Grigor Dimitrov
77%
2022 Halle W Hubert Hurkacz
77%
F Hubert Hurkacz
77%
F Hubert Hurkacz
77%
F Learner Tien
77%
F Milos Raonic
77%
F Milos Raonic
77%
F Milos Raonic
77%
F Milos Raonic
77%
2014 Washington W Milos Raonic
77%
F Milos Raonic
77%
F Milos Raonic
77%
2016 Tokyo W Nick Kyrgios
77%
F Nick Kyrgios
77%
2019 Acapulco W Nick Kyrgios
77%
2019 Washington W Nick Kyrgios
77%
2022 Washington W Nick Kyrgios
77%
F Pablo Carreño Busta
77%
2021 Hamburg W Pablo Carreño Busta
77%
F Pablo Carreño Busta
77%
2024 Rio de Janeiro W Sebastián Báez
77%
2025 Rio de Janeiro W Sebastián Báez
77%
2015 Rotterdam W Stan Wawrinka
77%
2015 Tokyo W Stan Wawrinka
77%
2016 Dubai W Stan Wawrinka
77%
F Stan Wawrinka
77%
F Stefanos Tsitsipas
77%
F Stefanos Tsitsipas
77%
F Stefanos Tsitsipas
77%
F Stefanos Tsitsipas
77%
F Stefanos Tsitsipas
77%
F Stefanos Tsitsipas
77%
F Stefanos Tsitsipas
77%
F Stefanos Tsitsipas
77%
F Stefanos Tsitsipas
77%
F Stefanos Tsitsipas
77%
F Stefanos Tsitsipas
77%
2025 Dubai W Stefanos Tsitsipas
77%
F Tallon Griekspoor
77%
F Tallon Griekspoor
77%
2026 Rio de Janeiro W Tomás Martín Etcheverry
77%
F Tommy Paul
77%
2024 Queen's Club W Tommy Paul
77%
2021 Halle W Ugo Humbert
77%
2024 Dubai W Ugo Humbert
77%
F Ugo Humbert
77%
2011 Hamburg W Gilles Simon
69%
F Gilles Simon
69%
F Jo-Wilfried Tsonga
69%
F Jo-Wilfried Tsonga
69%
F Jo-Wilfried Tsonga
69%
2017 Rotterdam W Jo-Wilfried Tsonga
69%
F Jo-Wilfried Tsonga
69%
F Karen Khachanov
69%
F Kevin Anderson
69%
F Kevin Anderson
69%
F Kevin Anderson
69%
F Kevin Anderson
69%
2018 Vienna W Kevin Anderson
69%
F Lorenzo Sonego
69%
2010 Rotterdam W Robin Söderling
69%
F Robin Söderling
69%
2011 Rotterdam W Robin Söderling
69%
2011 Beijing W Tomáš Berdych
69%
F Tomáš Berdych
69%
2014 Rotterdam W Tomáš Berdych
69%
F Tomáš Berdych
69%
F Tomáš Berdych
69%
F Tomáš Berdych
69%
F Alejandro Davidovich Fokina
62%
F Alejandro Davidovich Fokina
62%
F Alejandro Davidovich Fokina
62%
F Alejandro Tabilo
62%
2023 Washington W Daniel Evans
62%
2010 Barcelona W Fernando Verdasco
62%
F Fernando Verdasco
62%
F Fernando Verdasco
62%
F Fernando Verdasco
62%
2024 Basel W Giovanni Mpetschi Perricard
62%
2018 Dubai W Roberto Bautista Agut
62%
2010 Memphis W Sam Querrey
62%
2017 Acapulco W Sam Querrey
62%
2025 Acapulco W Tomáš Macháč
62%
F Adrian Mannarino
54%
2020 Rio de Janeiro W Cristian Garín
54%
2013 Hamburg W Fabio Fognini
54%
F Fabio Fognini
54%
F Fabio Fognini
54%
2017 Vienna W Lucas Pouille
54%
F Lucas Pouille
54%
F Nicolás Almagro
54%
F Nicolás Almagro
54%
F Nicolás Almagro
54%
2016 Rio de Janeiro W Pablo Cuevas
54%
F Pablo Cuevas
54%
2024 Washington W Sebastian Korda
54%
2018 Halle W Borna Ćorić
46%
F Borna Ćorić
46%
2010 Washington W David Nalbandian
46%
2018 Rio de Janeiro W Diego Schwartzman
46%
F Diego Schwartzman
46%
F Diego Schwartzman
46%
F Feliciano López
46%
2017 Queen's Club W Feliciano López
46%
2019 Queen's Club W Feliciano López
46%
F Filip Krajinović
46%
F Filip Krajinović
46%
F Ivo Karlović
46%
F Juan Carlos Ferrero
46%
2019 Rio de Janeiro W Laslo Djere
46%
F Laslo Djere
46%
F Mackenzie McDonald
46%
F Mariano Navone
46%
2021 Dubai W Aslan Karatsev
38%
F Aslan Karatsev
38%
F Benoît Paire
38%
F Juan Mónaco
38%
2012 Hamburg W Juan Mónaco
38%
F Julien Benneteau
38%
F Mikhail Youzhny
38%
F Mikhail Youzhny
38%
2013 Valencia W Mikhail Youzhny
38%
F Tommy Robredo
38%
F Vasek Pospisil
38%
2012 Washington W Alexandr Dolgopolov
31%
F Alexandr Dolgopolov
31%
F Alexandr Dolgopolov
31%
F Bernard Tomic
31%
F Marcel Granollers
31%
2011 Valencia W Marcel Granollers
31%
F Marcos Baghdatis
31%
F Marcos Baghdatis
31%
2018 Hamburg W Nikoloz Basilashvili
31%
2018 Beijing W Nikoloz Basilashvili
31%
2019 Hamburg W Nikoloz Basilashvili
31%
F Steve Johnson
31%
F Tommy Haas
31%
F Tommy Haas
31%
F Yoshihito Nishioka
31%
F Andreas Seppi
23%
2016 Halle W Florian Mayer
23%
F Florian Mayer
23%
F Jiří Veselý
23%
F John Millman
23%
F Jürgen Melzer
23%
2012 Memphis W Jürgen Melzer
23%
2014 Hamburg W Leonardo Mayer
23%
2017 Hamburg W Leonardo Mayer
23%
F Leonardo Mayer
23%
F Lloyd Harris
23%
F Márton Fucsovics
23%
F Santiago Giraldo
23%
2010 Hamburg W Andrey Golubev
15%
F Gianluca Mager
15%
F Guido Pella
15%
F Marius Copil
15%
2016 Rotterdam W Martin Kližan
15%
2016 Hamburg W Martin Kližan
15%
F Pablo Andújar
15%
2011 Washington W Radek Štěpánek
15%
F Federico Delbonis
8%
No matching quizzes found
Score Distribution
Percent of People with Each Score
Percentile by Number Answered
Your Score History
You have not taken this quiz since the last reset